000 00709nam a2200253Ia 4500
003 OSt
005 20220918180808.0
006 a|||||r|||| 00| 0
007 ta
008 220917b |||||||| |||| 00| 0 eng d
024 _a24,185
037 _cTextual
040 _aARTS
_cARTS
_beng
041 _2eng
_aeng
082 _aO111:gM, M3
100 _aDavis Philip
_957124
245 0 _aMemory and writing
_b from Wordsworth to Lawrence
260 _aLiverpool
_bLiverpool Univ Press
_c1983
300 _axli,511p.
_ccm.
490 _aLiverpool english texts and studies
650 _aENGLISH LITERATURE
942 _hO111:gM, M3
_cTEXL
_2CC
999 _c163165
_d163165